|
|
|
|
| LEADER |
00000cam a2200000 7i4500 |
| 001 |
0000002583 |
| 005 |
20050505.0 |
| 020 |
|
|
|a 0471277088
|
| 040 |
|
|
|a INS
|
| 090 |
0 |
0 |
|a NA2543.
|b S6 1980
|
| 245 |
1 |
0 |
|a Meaning and behaviour in the built environment
|c edited by Geoffery Broadbent
|
| 260 |
|
|
|a Chichester :
|b John Wiley and Sons ,
|c 1980
|
| 300 |
|
|
|a xiii, 372p. :
|b ill ;
|c 25 cm.
|
| 650 |
0 |
0 |
|a Architecture and society
|
| 650 |
0 |
0 |
|a Symbalism in architecture
|
| 650 |
0 |
0 |
|a Vernacular architecture
|
| 700 |
1 |
|
|a Broadbent, Geoffery
|
| 700 |
1 |
|
|a Bunt, Richard
|
| 700 |
1 |
|
|a Llorens, Thomas
|
| 999 |
|
|
|a 0000000919
|b BOOK
|c Open Shelf
|e Default branch
|